[Event "Benidorm Satellite preliminary"]
[Site "playchess.com #007036"]
[Date "2009.10.24"]
[Round "11"]
[White "Benitotj"]
[Black "Wolle1305"]
[Result "0-1"]
[WhiteElo "1479"]
[BlackElo "1731"]
[PlyCount "170"]
[EventDate "2009.10.24"]
[EventType "swiss (blitz)"]

1. e4 {[%emt 0:00:02]} e5 {[%emt 0:00:01]} 2. Nf3 {[%emt 0:00:01]} Nc6 {[%emt
0:00:01]} 3. Bc4 {[%emt 0:00:01]} Bc5 {[%emt 0:00:02]} 4. O-O {[%emt 0:00:02]}
d6 {[%emt 0:00:15]} 5. c3 {[%emt 0:00:04]} Nf6 {[%emt 0:00:02]} 6. d4 {[%emt 0:
00:02]} exd4 {[%emt 0:00:09]} 7. cxd4 {[%emt 0:00:02]} Bb4 {[%emt 0:00:01]} 8.
a3 {[%emt 0:00:08]} Ba5 {[%emt 0:00:10]} 9. b4 {[%emt 0:00:03]} Bb6 {[%emt 0:
00:01]} 10. Nc3 {[%emt 0:00:03]} O-O {[%emt 0:00:03]} 11. Nd5 {[%emt 0:00:12]}
Nxd5 {[%emt 0:00:06]} 12. exd5 {[%emt 0:00:17]} Ne7 {[%emt 0:00:05]} 13. Bb2 {
[%emt 0:00:04]} a6 {[%emt 0:00:02]} 14. Qc2 {[%emt 0:00:11]} Bf5 {[%emt 0:00:
05]} 15. Qd2 {[%emt 0:00:08]} Be4 {[%emt 0:00:05]} 16. Ng5 {[%emt 0:00:07]}
Bxd5 {[%emt 0:00:09]} 17. Bxd5 {[%emt 0:00:08]} Nxd5 {[%emt 0:00:02]} 18. Ne4 {
[%emt 0:00:04]} Re8 {[%emt 0:00:08]} 19. f3 {[%emt 0:00:04]} Qh4 {[%emt 0:00:
05]} 20. Rad1 {[%emt 0:00:13]} Re6 {[%emt 0:00:09]} 21. Ng5 {[%emt 0:00:12]}
Rh6 {[%emt 0:00:10]} 22. h3 {[%emt 0:00:08]} Qf4 {[%emt 0:00:27]} 23. Qxf4 {
[%emt 0:00:05]} Nxf4 {[%emt 0:00:01]} 24. Rde1 {[%emt 0:00:11]} Ne6 {[%emt 0:
00:11]} 25. Nxe6 {[%emt 0:00:03]} Rxe6 {[%emt 0:00:02]} 26. Rxe6 {[%emt 0:00:
03]} fxe6 {[%emt 0:00:01]} 27. Kh2 {[%emt 0:00:02]} c6 {[%emt 0:00:10]} 28. f4
{[%emt 0:00:02]} Rf8 {[%emt 0:00:04]} 29. g4 {[%emt 0:00:05]} g6 {[%emt 0:00:
06]} 30. Kg3 {[%emt 0:00:03]} Kf7 {[%emt 0:00:03]} 31. f5 {[%emt 0:00:08]} exf5
{[%emt 0:00:06]} 32. gxf5 {[%emt 0:00:03]} Ke7 {[%emt 0:00:02]} 33. Kg4 {[%emt
0:00:07]} Rxf5 {[%emt 0:00:04]} 34. Rxf5 {[%emt 0:00:02]} gxf5+ {[%emt 0:00:02]
} 35. Kxf5 {[%emt 0:00:01]} d5 {[%emt 0:00:09]} 36. h4 {[%emt 0:00:03]} Kf7 {
[%emt 0:00:01]} 37. h5 {[%emt 0:00:03]} Bd8 {[%emt 0:00:01]} 38. a4 {[%emt 0:
00:13]} Bh4 {[%emt 0:00:02]} 39. h6 {[%emt 0:00:05]} Be1 {[%emt 0:00:04]} 40.
b5 {[%emt 0:00:02]} Bd2 {[%emt 0:00:04]} 41. bxa6 {[%emt 0:00:06]} bxa6 {[%emt
0:00:02]} 42. Ke5 {[%emt 0:00:02]} Ke7 {[%emt 0:00:10]} 43. Ba3+ {[%emt 0:00:
02]} Kf7 {[%emt 0:00:04]} 44. Kd6 {[%emt 0:00:03]} Bxh6 {[%emt 0:00:02]} 45.
Kxc6 {[%emt 0:00:02]} Ke6 {[%emt 0:00:02]} 46. Kb6 {[%emt 0:00:04]} Be3 {[%emt
0:00:01]} 47. Bc5 {[%emt 0:00:03]} h5 {[%emt 0:00:04]} 48. Kxa6 {[%emt 0:00:02]
} h4 {[%emt 0:00:01]} 49. Kb5 {[%emt 0:00:03]} h3 {[%emt 0:00:04]} 50. a5 {
[%emt 0:00:00]} Bf4 {[%emt 0:00:17]} 51. a6 {[%emt 0:00:04]} Bb8 {[%emt 0:00:
02]} 52. Kb6 {[%emt 0:00:17]} h2 {[%emt 0:00:03]} 53. Kb7 {[%emt 0:00:01]} h1=Q
{[%emt 0:00:10]} 54. Kxb8 {[%emt 0:00:01]} Qb1+ {[%emt 0:00:05]} 55. Kc7 {
[%emt 0:00:05]} Qh7+ {[%emt 0:00:05]} 56. Kb6 {[%emt 0:00:02]} Qg8 {[%emt 0:00:
03]} 57. a7 {[%emt 0:00:03]} Qa8 {[%emt 0:00:01]} 58. Kb5 {[%emt 0:00:01]} Kd7
{[%emt 0:00:01]} 59. Ka4 {[%emt 0:00:01]} Kc6 {[%emt 0:00:01]} 60. Kb3 {[%emt
0:00:01]} Kb5 {[%emt 0:00:01]} 61. Kc3 {[%emt 0:00:01]} Qg8 {[%emt 0:00:02]}
62. Kb2 {[%emt 0:00:05]} Kc4 {[%emt 0:00:03]} 63. Ka3 {[%emt 0:00:03]} Qc8 {
[%emt 0:00:01]} 64. Kb2 {[%emt 0:00:03]} Qb7+ {[%emt 0:00:01]} 65. Kc2 {[%emt
0:00:01]} Qa6 {[%emt 0:00:01]} 66. Kd2 {[%emt 0:00:02]} Kb3 {[%emt 0:00:08]}
67. Ke3 {[%emt 0:00:02]} Qb7 {[%emt 0:00:01]} 68. Kf4 {[%emt 0:00:01]} Kc3 {
[%emt 0:00:01]} 69. Ke5 {[%emt 0:00:01]} Kd3 {[%emt 0:00:01]} 70. a8=Q {[%emt
0:00:12]} Qxa8 {[%emt 0:00:01]} 71. Kd6 {[%emt 0:00:01]} Qa6+ {[%emt 0:00:01]}
72. Kxd5 {[%emt 0:00:01]} Qc4+ {[%emt 0:00:02]} 73. Ke5 {[%emt 0:00:01]} Qb5 {
[%emt 0:00:03]} 74. Kd6 {[%emt 0:00:01]} Kc4 {[%emt 0:00:02]} 75. Ke5 {[%emt 0:
00:01]} Qe8+ {[%emt 0:00:02]} 76. Kf4 {[%emt 0:00:01]} Kd5 {[%emt 0:00:01]} 77.
Kf3 {[%emt 0:00:02]} Qe4+ {[%emt 0:00:01]} 78. Kf2 {[%emt 0:00:01]} Ke6 {[%emt
0:00:01]} 79. Kg3 {[%emt 0:00:01]} Kf5 {[%emt 0:00:01]} 80. Kf2 {[%emt 0:00:03]
} Kf4 {[%emt 0:00:01]} 81. Kg1 {[%emt 0:00:01]} Qf3 {[%emt 0:00:03]} 82. Kh2 {
[%emt 0:00:02]} Kg4 {[%emt 0:00:01]} 83. Kg1 {[%emt 0:00:01]} Qe2 {[%emt 0:00:
03]} 84. Kh1 {[%emt 0:00:02]} Kh3 {[%emt 0:00:02]} 85. Kg1 {[%emt 0:00:01]}
Qe1# {[%emt 0:00:02]} 0-1

[Event "Benidorm Satellite preliminary"]
[Site "playchess.com #007036"]
[Date "2009.10.24"]
[Round "12"]
[White "Kshorg"]
[Black "Kingsize"]
[Result "0-1"]
[WhiteElo "1681"]
[BlackElo "1487"]
[PlyCount "38"]
[EventDate "2009.10.24"]
[EventType "swiss (blitz)"]

1. g3 {[%emt 0:00:02]} d5 {[%emt 0:00:05]} 2. Bg2 {[%emt 0:00:01]} e5 {[%emt 0:
00:02]} 3. d3 {[%emt 0:00:01]} c6 {[%emt 0:00:01]} 4. Nd2 {[%emt 0:00:00]} Nf6
{[%emt 0:00:01]} 5. e3 {[%emt 0:00:01]} Bd6 {[%emt 0:00:01]} 6. Ne2 {[%emt 0:
00:01]} O-O {[%emt 0:00:01]} 7. b3 {[%emt 0:00:00]} Bg4 {[%emt 0:00:03]} 8. f3
{[%emt 0:00:03]} Be6 {[%emt 0:00:02]} 9. Bb2 {[%emt 0:00:01]} Nbd7 {[%emt 0:00:
03]} 10. O-O {[%emt 0:00:02]} b5 {[%emt 0:00:03]} 11. c4 {[%emt 0:00:09]} bxc4
{[%emt 0:00:02]} 12. bxc4 {[%emt 0:00:01]} Rb8 {[%emt 0:00:06]} 13. Qc2 {[%emt
0:00:05]} Qb6 {[%emt 0:00:04]} 14. Rab1 {[%emt 0:00:20]} Qxe3+ {[%emt 0:00:02]}
15. Rf2 {[%emt 0:00:01]} Bc5 {[%emt 0:00:13]} 16. d4 {[%emt 0:00:12]} exd4 {
[%emt 0:00:03]} 17. Nf1 {[%emt 0:00:04]} Qxf2+ {[%emt 0:00:14]} 18. Kxf2 {
[%emt 0:00:04]} d3+ {[%emt 0:00:01]} 19. Nd4 {[%emt 0:00:09]} dxc2 {[%emt 0:00:
05]} 0-1

[Event "Benidorm Satellite preliminary"]
[Site "playchess.com #007036"]
[Date "2009.10.24"]
[Round "12"]
[White "Bartimäus"]
[Black "Master--Sim"]
[Result "1/2-1/2"]
[WhiteElo "1785"]
[BlackElo "1980"]
[PlyCount "43"]
[EventDate "2009.10.24"]
[EventType "swiss (blitz)"]

1. d4 {[%emt 0:00:02]} d6 {[%emt 0:00:01]} 2. c4 {[%emt 0:00:02]} g6 {[%emt 0:
00:00]} 3. Nc3 {[%emt 0:00:01]} Bg7 {[%emt 0:00:03]} 4. Nf3 {[%emt 0:00:01]}
Nc6 {[%emt 0:00:03]} 5. g3 {[%emt 0:00:01]} Nf6 {[%emt 0:00:02]} 6. Bg2 {[%emt
0:00:01]} O-O {[%emt 0:00:04]} 7. O-O {[%emt 0:00:01]} a6 {[%emt 0:00:01]} 8.
Re1 {[%emt 0:00:02]} Rb8 {[%emt 0:00:01]} 9. h3 {[%emt 0:00:06]} b5 {[%emt 0:
00:02]} 10. d5 {[%emt 0:00:01]} Na5 {[%emt 0:00:06]} 11. cxb5 {[%emt 0:00:04]}
axb5 {[%emt 0:00:00]} 12. a3 {[%emt 0:00:04]} c5 {[%emt 0:00:03]} 13. e4 {
[%emt 0:00:09]} b4 {[%emt 0:00:05]} 14. axb4 {[%emt 0:00:02]} Rxb4 {[%emt 0:00:
01]} 15. e5 {[%emt 0:00:03]} Nd7 {[%emt 0:00:08]} 16. exd6 {[%emt 0:00:05]}
exd6 {[%emt 0:00:03]} 17. Ne4 {[%emt 0:00:16]} Ne5 {[%emt 0:00:05]} 18. Nxe5 {
[%emt 0:00:02]} Bxe5 {[%emt 0:00:01]} 19. Bd2 {[%emt 0:00:16]} Bxb2 {[%emt 0:
00:08]} 20. Bxb4 {[%emt 0:00:05]} Bxa1 {[%emt 0:00:02]} 21. Bxa5 {[%emt 0:00:
10]} Qxa5 {[%emt 0:00:00] Master--Sim bietet Remis} 22. Qxa1 {[%emt 0:00:03]
Bartimäus bietet Remis  (Lag: Av=0.53s, max=1.4s)} 1/2-1/2

[Event "Benidorm Satellite preliminary"]
[Site "playchess.com #007036"]
[Date "2009.10.24"]
[Round "12"]
[White "Planescape"]
[Black "Panosjoydome"]
[Result "1-0"]
[WhiteElo "1741"]
[BlackElo "1741"]
[PlyCount "49"]
[EventDate "2009.10.24"]
[EventType "swiss (blitz)"]

1. e4 {[%emt 0:00:04]} c5 {[%emt 0:00:03]} 2. Nf3 {[%emt 0:00:02]} Nc6 {[%emt
0:00:01]} 3. d4 {[%emt 0:00:01]} cxd4 {[%emt 0:00:00]} 4. Nxd4 {[%emt 0:00:01]}
Nf6 {[%emt 0:00:02]} 5. Nc3 {[%emt 0:00:01]} e5 {[%emt 0:00:00]} 6. Ndb5 {
[%emt 0:00:01]} d6 {[%emt 0:00:01]} 7. Nd5 {[%emt 0:00:02]} Nxd5 {[%emt 0:00:
04]} 8. exd5 {[%emt 0:00:01]} Nb8 {[%emt 0:00:00]} 9. c4 {[%emt 0:00:05]} Bd7 {
[%emt 0:00:05]} 10. Nc3 {[%emt 0:00:04]} g6 {[%emt 0:00:07]} 11. Be2 {[%emt 0:
00:01]} Bg7 {[%emt 0:00:02]} 12. O-O {[%emt 0:00:02]} O-O {[%emt 0:00:00]} 13.
f4 {[%emt 0:00:01]} Na6 {[%emt 0:00:17]} 14. f5 {[%emt 0:00:07]} Bxf5 {[%emt 0:
00:03]} 15. Rxf5 {[%emt 0:00:01]} gxf5 {[%emt 0:00:03]} 16. Bh5 {[%emt 0:00:04]
} f4 {[%emt 0:00:13]} 17. Ne4 {[%emt 0:00:05]} f5 {[%emt 0:00:06]} 18. Nf2 {
[%emt 0:00:13]} Nc5 {[%emt 0:00:06]} 19. Nd3 {[%emt 0:00:09]} Nxd3 {[%emt 0:00:
15]} 20. Qxd3 {[%emt 0:00:01]} Qg5 {[%emt 0:00:01]} 21. Be2 {[%emt 0:00:03]}
Rf6 {[%emt 0:00:03]} 22. c5 {[%emt 0:00:04]} Rg6 {[%emt 0:00:06]} 23. Bf1 {
[%emt 0:00:02]} e4 {[%emt 0:00:04]} 24. Qc4 {[%emt 0:00:03]} f3 {[%emt 0:00:08]
} 25. Bxg5 {[%emt 0:00:02] Panosjoydome resigns} 1-0

[Event "Benidorm Satellite preliminary"]
[Site "playchess.com #007036"]
[Date "2009.10.24"]
[Round "12"]
[White "MischaT"]
[Black "Enfanterrible"]
[Result "1/2-1/2"]
[WhiteElo "2246"]
[BlackElo "2558"]
[PlyCount "69"]
[EventDate "2009.10.24"]
[EventType "swiss (blitz)"]

1. e4 {[%emt 0:00:03]} d5 {[%emt 0:00:01]} 2. exd5 {[%emt 0:00:03]} Qxd5 {
[%emt 0:00:01]} 3. Nf3 {[%emt 0:00:01]} Nf6 {[%emt 0:00:01]} 4. Be2 {[%emt 0:
00:01]} Bg4 {[%emt 0:00:01]} 5. O-O {[%emt 0:00:01]} e6 {[%emt 0:00:01]} 6. h3
{[%emt 0:00:02]} Bh5 {[%emt 0:00:01]} 7. Nc3 {[%emt 0:00:02]} Qa5 {[%emt 0:00:
01]} 8. d3 {[%emt 0:00:01]} c6 {[%emt 0:00:00]} 9. Bf4 {[%emt 0:00:02]} Nbd7 {
[%emt 0:00:01]} 10. a3 {[%emt 0:00:06]} Be7 {[%emt 0:00:02]} 11. b4 {[%emt 0:
00:02]} Qd8 {[%emt 0:00:01]} 12. Ne4 {[%emt 0:00:01]} Nxe4 {[%emt 0:00:03]} 13.
dxe4 {[%emt 0:00:00]} Bg6 {[%emt 0:00:01]} 14. e5 {[%emt 0:00:07]} Nb6 {[%emt
0:00:05]} 15. c4 {[%emt 0:00:07]} Qxd1 {[%emt 0:00:02]} 16. Rfxd1 {[%emt 0:00:
01]} O-O {[%emt 0:00:01]} 17. Rd2 {[%emt 0:00:13]} Rfd8 {[%emt 0:00:01]} 18.
Rad1 {[%emt 0:00:01]} Kf8 {[%emt 0:00:02]} 19. Rxd8+ {[%emt 0:00:12]} Rxd8 {
[%emt 0:00:02]} 20. Rxd8+ {[%emt 0:00:01]} Bxd8 {[%emt 0:00:01]} 21. Be3 {
[%emt 0:00:10]} Be4 {[%emt 0:00:03]} 22. Nd2 {[%emt 0:00:06]} Bc2 {[%emt 0:00:
02]} 23. f4 {[%emt 0:00:16]} Bc7 {[%emt 0:00:01]} 24. Kf2 {[%emt 0:00:03]} f6 {
[%emt 0:00:02]} 25. exf6 {[%emt 0:00:02]} gxf6 {[%emt 0:00:01]} 26. Bxb6 {
[%emt 0:00:04]} Bxb6+ {[%emt 0:00:04]} 27. c5 {[%emt 0:00:03]} Bc7 {[%emt 0:00:
01]} 28. Ke3 {[%emt 0:00:03]} Ke7 {[%emt 0:00:11]} 29. Ne4 {[%emt 0:00:08]}
Bxe4 {[%emt 0:00:03]} 30. Kxe4 {[%emt 0:00:00]} e5 {[%emt 0:00:01]} 31. f5 {
[%emt 0:00:09]} Kf7 {[%emt 0:00:09]} 32. a4 {[%emt 0:00:04]} Ke7 {[%emt 0:00:
01]} 33. Bc4 {[%emt 0:00:04]} Bd8 {[%emt 0:00:07] MischaT bietet Remis} 34. Be6
{[%emt 0:00:07]} Bc7 {[%emt 0:00:06]} 35. Bc4 {[%emt 0:00:02] Enfanterrible
ofrece tablas} 1/2-1/2

[Event "Benidorm Satellite preliminary"]
[Site "playchess.com #007036"]
[Date "2009.10.24"]
[Round "12"]
[White "Shakked"]
[Black "Schachkanone2"]
[Result "1-0"]
[WhiteElo "1392"]
[BlackElo "1425"]
[PlyCount "83"]
[EventDate "2009.10.24"]
[EventType "swiss (blitz)"]

1. e4 {[%emt 0:00:02]} c5 {[%emt 0:00:06]} 2. Nf3 {[%emt 0:00:01]} Nc6 {[%emt
0:00:02]} 3. d4 {[%emt 0:00:02]} cxd4 {[%emt 0:00:01]} 4. Nxd4 {[%emt 0:00:01]}
e6 {[%emt 0:00:02]} 5. Nxc6 {[%emt 0:00:03]} bxc6 {[%emt 0:00:02]} 6. Nc3 {
[%emt 0:00:05]} Nf6 {[%emt 0:00:01]} 7. Bg5 {[%emt 0:00:01]} Be7 {[%emt 0:00:
02]} 8. f4 {[%emt 0:00:03]} d5 {[%emt 0:00:02]} 9. e5 {[%emt 0:00:02]} Ne4 {
[%emt 0:00:01]} 10. Nxe4 {[%emt 0:00:06]} dxe4 {[%emt 0:00:04]} 11. Qxd8+ {
[%emt 0:00:02]} Bxd8 {[%emt 0:00:01]} 12. Bxd8 {[%emt 0:00:02]} Kxd8 {[%emt 0:
00:01]} 13. O-O-O+ {[%emt 0:00:01]} Kc7 {[%emt 0:00:02]} 14. Rd4 {[%emt 0:00:
01]} f5 {[%emt 0:00:13]} 15. exf6 {[%emt 0:00:03]} gxf6 {[%emt 0:00:02]} 16.
Rxe4 {[%emt 0:00:02]} f5 {[%emt 0:00:03]} 17. Rc4 {[%emt 0:00:05]} Bb7 {[%emt
0:00:06]} 18. Rc3 {[%emt 0:00:03]} Rhd8 {[%emt 0:00:03]} 19. Bc4 {[%emt 0:00:
04]} Rd6 {[%emt 0:00:05]} 20. Re1 {[%emt 0:00:04]} Rad8 {[%emt 0:00:03]} 21.
Bxe6 {[%emt 0:00:06]} Rd2 {[%emt 0:00:03]} 22. Bxf5 {[%emt 0:00:05]} Rxg2 {
[%emt 0:00:01]} 23. Bxh7 {[%emt 0:00:02]} Rxh2 {[%emt 0:00:01]} 24. Re7+ {
[%emt 0:00:02]} Rd7 {[%emt 0:00:03]} 25. Rxd7+ {[%emt 0:00:02]} Kxd7 {[%emt 0:
00:01]} 26. Bf5+ {[%emt 0:00:05]} Kd6 {[%emt 0:00:04]} 27. Rd3+ {[%emt 0:00:02]
} Kc5 {[%emt 0:00:03]} 28. c3 {[%emt 0:00:03]} Ba6 {[%emt 0:00:07]} 29. b4+ {
[%emt 0:00:02]} Kb6 {[%emt 0:00:03]} 30. Rd6 {[%emt 0:00:06]} Rxa2 {[%emt 0:00:
06]} 31. Bd7 {[%emt 0:00:05]} Bb5 {[%emt 0:00:03]} 32. c4 {[%emt 0:00:04]} Bxc4
{[%emt 0:00:02]} 33. Rxc6+ {[%emt 0:00:02]} Kb5 {[%emt 0:00:07]} 34. Rxc4+ {
[%emt 0:00:10]} Kxc4 {[%emt 0:00:02]} 35. Be6+ {[%emt 0:00:01]} Kxb4 {[%emt 0:
00:02]} 36. Bxa2 {[%emt 0:00:01]} a5 {[%emt 0:00:04]} 37. f5 {[%emt 0:00:01]}
Kc5 {[%emt 0:00:01]} 38. f6 {[%emt 0:00:01]} Kd6 {[%emt 0:00:01]} 39. f7 {
[%emt 0:00:01]} Ke7 {[%emt 0:00:01]} 40. Kc2 {[%emt 0:00:02]} a4 {[%emt 0:00:
02]} 41. Kc3 {[%emt 0:00:02]} a3 {[%emt 0:00:01]} 42. Kb4 {[%emt 0:00:01]
Schachkanone2 gibt auf} 1-0

[Event "Benidorm Satellite preliminary"]
[Site "playchess.com #007036"]
[Date "2009.10.24"]
[Round "12"]
[White "Henrik"]
[Black "Munchie the 5th"]
[Result "0-1"]
[WhiteElo "1865"]
[BlackElo "1676"]
[PlyCount "60"]
[EventDate "2009.10.24"]
[EventType "swiss (blitz)"]

1. e4 {[%emt 0:00:02]} e5 {[%emt 0:00:00]} 2. Nf3 {[%emt 0:00:02]} Nc6 {[%emt
0:00:01]} 3. Bb5 {[%emt 0:00:02]} a6 {[%emt 0:00:01]} 4. Ba4 {[%emt 0:00:01]}
Nf6 {[%emt 0:00:01]} 5. O-O {[%emt 0:00:02]} Be7 {[%emt 0:00:00]} 6. Re1 {
[%emt 0:00:02]} b5 {[%emt 0:00:02]} 7. Bb3 {[%emt 0:00:01]} O-O {[%emt 0:00:01]
} 8. c3 {[%emt 0:00:05]} d5 {[%emt 0:00:01]} 9. exd5 {[%emt 0:00:02]} Nxd5 {
[%emt 0:00:00]} 10. Nxe5 {[%emt 0:00:01]} Nxe5 {[%emt 0:00:01]} 11. Rxe5 {
[%emt 0:00:00]} c6 {[%emt 0:00:00]} 12. d4 {[%emt 0:00:01]} Bd6 {[%emt 0:00:01]
} 13. Re1 {[%emt 0:00:02]} Qh4 {[%emt 0:00:00]} 14. g3 {[%emt 0:00:01]} Qh3 {
[%emt 0:00:01]} 15. Qd3 {[%emt 0:00:03]} Bf5 {[%emt 0:00:12]} 16. Qf1 {[%emt 0:
00:02]} Rfe8 {[%emt 0:00:02]} 17. Be3 {[%emt 0:00:06]} Qh5 {[%emt 0:00:42]} 18.
Bxd5 {[%emt 0:00:18]} cxd5 {[%emt 0:00:01]} 19. Nd2 {[%emt 0:00:00]} Bh3 {
[%emt 0:00:02]} 20. Qe2 {[%emt 0:00:02]} Bg4 {[%emt 0:00:01]} 21. f3 {[%emt 0:
00:04]} Bh3 {[%emt 0:00:01]} 22. Qf2 {[%emt 0:00:02]} Bd7 {[%emt 0:00:06]} 23.
Nb3 {[%emt 0:00:18]} Qg6 {[%emt 0:00:16]} 24. Nc5 {[%emt 0:00:12]} Bf5 {[%emt
0:00:01]} 25. Re2 {[%emt 0:00:16]} Bxc5 {[%emt 0:00:07]} 26. dxc5 {[%emt 0:00:
02]} Bd3 {[%emt 0:00:01]} 27. Ree1 {[%emt 0:00:02]} Re6 {[%emt 0:00:04]} 28.
Bd4 {[%emt 0:00:02]} Rae8 {[%emt 0:00:02]} 29. Rxe6 {[%emt 0:00:20]} Qxe6 {
[%emt 0:00:00]} 30. Re1 {[%emt 0:00:00]} Qxe1+ {[%emt 0:00:02] Henrik gibt auf}
0-1

[Event "Benidorm Satellite preliminary"]
[Site "playchess.com #007036"]
[Date "2009.10.24"]
[Round "12"]
[White "Rpughiii"]
[Black "Roi folichon"]
[Result "0-1"]
[WhiteElo "1331"]
[BlackElo "1499"]
[PlyCount "30"]
[EventDate "2009.10.24"]
[EventType "swiss (blitz)"]

1. e4 {[%emt 0:00:05]} e5 {[%emt 0:00:01]} 2. Nf3 {[%emt 0:00:02]} Nc6 {[%emt
0:00:01]} 3. Bc4 {[%emt 0:00:02]} Qf6 {[%emt 0:00:03]} 4. O-O {[%emt 0:00:04]}
Bc5 {[%emt 0:00:01]} 5. Nc3 {[%emt 0:00:08]} Nge7 {[%emt 0:00:04]} 6. d3 {
[%emt 0:00:03]} h6 {[%emt 0:00:01]} 7. Be3 {[%emt 0:00:07]} Nd4 {[%emt 0:00:02]
} 8. Bxd4 {[%emt 0:00:14]} Bxd4 {[%emt 0:00:03]} 9. Nxd4 {[%emt 0:00:03]} exd4
{[%emt 0:00:01]} 10. Nd5 {[%emt 0:00:06]} Nxd5 {[%emt 0:00:02]} 11. exd5 {
[%emt 0:00:03]} O-O {[%emt 0:00:06]} 12. Re1 {[%emt 0:00:03]} c5 {[%emt 0:00:
01]} 13. dxc6 {[%emt 0:00:05]} dxc6 {[%emt 0:00:05]} 14. Qd2 {[%emt 0:00:15]}
Bf5 {[%emt 0:00:15]} 15. Qe2 {[%emt 0:00:13]} Qg5 {[%emt 0:00:20] Roi folichon
réclame le gain suite à déconnexion Time} 0-1

[Event "Benidorm Satellite preliminary"]
[Site "playchess.com #007036"]
[Date "2009.10.24"]
[Round "12"]
[White "Yoborjamari"]
[Black "daisuke"]
[Result "1-0"]
[WhiteElo "2196"]
[BlackElo "1859"]
[PlyCount "67"]
[EventDate "2009.10.24"]
[EventType "swiss (blitz)"]

1. Nf3 {[%emt 0:00:01]} d6 {[%emt 0:00:01]} 2. d4 {[%emt 0:00:01]} Nf6 {[%emt
0:00:02]} 3. Nc3 {[%emt 0:00:02]} g6 {[%emt 0:00:01]} 4. e4 {[%emt 0:00:01]}
Bg7 {[%emt 0:00:01]} 5. g3 {[%emt 0:00:01]} c6 {[%emt 0:00:01]} 6. Bg2 {[%emt
0:00:06]} Bg4 {[%emt 0:00:05]} 7. O-O {[%emt 0:00:03]} h5 {[%emt 0:00:02]} 8.
h3 {[%emt 0:00:06]} Bd7 {[%emt 0:00:02]} 9. a4 {[%emt 0:00:02]} a5 {[%emt 0:00:
02]} 10. e5 {[%emt 0:00:01]} dxe5 {[%emt 0:00:02]} 11. dxe5 {[%emt 0:00:02]}
Nd5 {[%emt 0:00:01]} 12. Nxd5 {[%emt 0:00:01]} cxd5 {[%emt 0:00:01]} 13. Qxd5 {
[%emt 0:00:01]} Nc6 {[%emt 0:00:01]} 14. Bg5 {[%emt 0:00:05]} O-O {[%emt 0:00:
01]} 15. Rad1 {[%emt 0:00:05]} Be6 {[%emt 0:00:07]} 16. Qxd8 {[%emt 0:00:02]}
Raxd8 {[%emt 0:00:01]} 17. Rfe1 {[%emt 0:00:14]} Rxd1 {[%emt 0:00:04]} 18. Rxd1
{[%emt 0:00:01] daisuke reconnected. daisuke reconnected.} Nxe5 {[%emt 0:00:08]
} 19. Nxe5 {[%emt 0:00:02]} Bxe5 {[%emt 0:00:01]} 20. Bxe7 {[%emt 0:00:01]} Re8
{[%emt 0:00:02]} 21. Ba3 {[%emt 0:00:03]} Rc8 {[%emt 0:00:04]} 22. c3 {[%emt 0:
00:03]} Bb3 {[%emt 0:00:02]} 23. Rd7 {[%emt 0:00:05]} Bxa4 {[%emt 0:00:03]} 24.
Rxb7 {[%emt 0:00:02]} Re8 {[%emt 0:00:03]} 25. Bd5 {[%emt 0:00:02]} Kh8 {[%emt
0:00:13]} 26. Bxf7 {[%emt 0:00:07]} Rd8 {[%emt 0:00:02]} 27. Bxg6 {[%emt 0:00:
05]} Bg7 {[%emt 0:00:01]} 28. Be4 {[%emt 0:00:14]} Re8 {[%emt 0:00:07]} 29. Bf3
{[%emt 0:00:03]} Re1+ {[%emt 0:00:03]} 30. Kg2 {[%emt 0:00:01]} Re8 {[%emt 0:
00:05]} 31. Bxh5 {[%emt 0:00:04]} Bc6+ {[%emt 0:00:04]} 32. Bf3 {[%emt 0:00:02]
} Bxf3+ {[%emt 0:00:03]} 33. Kxf3 {[%emt 0:00:02]} Rd8 {[%emt 0:00:01]} 34. Ra7
{[%emt 0:00:06] daisuke gibt auf} 1-0

[Event "Benidorm Satellite preliminary"]
[Site "playchess.com #007036"]
[Date "2009.10.24"]
[Round "12"]
[White "Benitotj"]
[Black "MONFMA0214"]
[Result "0-1"]
[WhiteElo "1473"]
[BlackElo "1681"]
[PlyCount "46"]
[EventDate "2009.10.24"]
[EventType "swiss (blitz)"]

1. e4 {[%emt 0:00:03]} e6 {[%emt 0:00:01]} 2. d4 {[%emt 0:00:01]} d5 {[%emt 0:
00:00]} 3. e5 {[%emt 0:00:01]} c5 {[%emt 0:00:01]} 4. Nf3 {[%emt 0:00:01]} Nc6
{[%emt 0:00:00]} 5. c3 {[%emt 0:00:01]} Nge7 {[%emt 0:00:02]} 6. Be2 {[%emt 0:
00:03]} Nf5 {[%emt 0:00:01]} 7. O-O {[%emt 0:00:02]} Qb6 {[%emt 0:00:02]} 8.
dxc5 {[%emt 0:00:14]} Bxc5 {[%emt 0:00:02]} 9. Nbd2 {[%emt 0:00:03]} O-O {
[%emt 0:00:21]} 10. Nb3 {[%emt 0:00:04]} f6 {[%emt 0:00:16]} 11. Nxc5 {[%emt 0:
00:02]} Qxc5 {[%emt 0:00:02]} 12. exf6 {[%emt 0:00:08]} Rxf6 {[%emt 0:00:03]}
13. Nd4 {[%emt 0:00:10]} Nfxd4 {[%emt 0:00:04]} 14. cxd4 {[%emt 0:00:02]} Nxd4
{[%emt 0:00:14]} 15. Be3 {[%emt 0:00:16]} Nxe2+ {[%emt 0:00:04]} 16. Qxe2 {
[%emt 0:00:05]} Qf8 {[%emt 0:00:07]} 17. Bd4 {[%emt 0:00:08]} Rf5 {[%emt 0:00:
07]} 18. Rac1 {[%emt 0:00:10]} b6 {[%emt 0:00:05]} 19. a4 {[%emt 0:00:14]} Rf4
{[%emt 0:00:14]} 20. f3 {[%emt 0:00:14]} Rxd4 {[%emt 0:00:09]} 21. Qe5 {[%emt
0:00:04]} Qf6 {[%emt 0:00:10]} 22. Qc7 {[%emt 0:00:08]} Ba6 {[%emt 0:00:08]}
23. Qd6 {[%emt 0:00:07]} Bxf1 {[%emt 0:00:05] Benitotj rinde} 0-1

[Event "Benidorm Satellite preliminary"]
[Site "playchess.com #007036"]
[Date "2009.10.24"]
[Round "12"]
[White "SteinerKarl"]
[Black "Baby Animals"]
[Result "1-0"]
[WhiteElo "1656"]
[BlackElo "1736"]
[PlyCount "59"]
[EventDate "2009.10.24"]
[EventType "swiss (blitz)"]

1. d4 {[%emt 0:00:03]} d5 {[%emt 0:00:01]} 2. c4 {[%emt 0:00:02]} Nf6 {[%emt 0:
00:00]} 3. cxd5 {[%emt 0:00:02]} Nxd5 {[%emt 0:00:02]} 4. e4 {[%emt 0:00:01]}
Nf6 {[%emt 0:00:02]} 5. Nc3 {[%emt 0:00:02]} c5 {[%emt 0:00:03]} 6. e5 {[%emt
0:00:05]} Qxd4 {[%emt 0:00:09]} 7. exf6 {[%emt 0:00:11]} Qxf6 {[%emt 0:00:02]}
8. Bb5+ {[%emt 0:00:17]} Nc6 {[%emt 0:00:01]} 9. Nd5 {[%emt 0:00:17]} Qe5+ {
[%emt 0:00:04]} 10. Ne2 {[%emt 0:00:04]} e6 {[%emt 0:00:05]} 11. Ndc3 {[%emt 0:
00:13]} Bd7 {[%emt 0:00:03]} 12. O-O {[%emt 0:00:10]} O-O-O {[%emt 0:00:03]}
13. Bf4 {[%emt 0:00:06]} Qf6 {[%emt 0:00:08]} 14. Ne4 {[%emt 0:00:11]} Qf5 {
[%emt 0:00:14]} 15. Nd6+ {[%emt 0:00:08]} Bxd6 {[%emt 0:00:02]} 16. Qxd6 {
[%emt 0:00:04]} Qxf4 {[%emt 0:00:19]} 17. Nxf4 {[%emt 0:00:09]} Rhe8 {[%emt 0:
00:04]} 18. Bxc6 {[%emt 0:00:11]} Bxc6 {[%emt 0:00:03]} 19. Qxc5 {[%emt 0:00:
06]} e5 {[%emt 0:00:01]} 20. Ne2 {[%emt 0:00:11]} Kb8 {[%emt 0:00:03]} 21. Rfd1
{[%emt 0:00:05]} Rc8 {[%emt 0:00:01]} 22. Qd6+ {[%emt 0:00:06]} Ka8 {[%emt 0:
00:04]} 23. Rac1 {[%emt 0:00:05]} a6 {[%emt 0:00:02]} 24. Nc3 {[%emt 0:00:10]}
f5 {[%emt 0:00:04]} 25. Nd5 {[%emt 0:00:06]} Red8 {[%emt 0:00:07]} 26. Nb6+ {
[%emt 0:00:05]} Ka7 {[%emt 0:00:06]} 27. Nxc8+ {[%emt 0:00:03]} Ka8 {[%emt 0:
00:01]} 28. Qxd8 {[%emt 0:00:03]} b6 {[%emt 0:00:02]} 29. Rxc6 {[%emt 0:00:04]}
Kb7 {[%emt 0:00:01]} 30. Qc7+ {[%emt 0:00:03] Baby Animals resigns} 1-0